B. I. T. S. magazine (Record no. 59722)

MARC details
000 -LEADER
fixed length control field 00335nam a22001097a 4500
008 - FIXED-LENGTH DATA ELEMENTS--GENERAL INFORMATION
fixed length control field 230825b |||||||| |||| 00| 0 eng d
040 ## - CATALOGING SOURCE
Original cataloging agency National Science Library
Transcribing agency National Science Library
245 ## - TITLE STATEMENT
Title B. I. T. S. magazine
260 ## - PUBLICATION, DISTRIBUTION, ETC.
Place of publication, distribution, etc. Rajasthan:
Name of publisher, distributor, etc. Birla Institute of Technology and Science,
Date of publication, distribution, etc. 1965
310 ## - CURRENT PUBLICATION FREQUENCY
Current publication frequency Annually
942 ## - ADDED ENTRY ELEMENTS (KOHA)
Koha item type Continuing Resources
Holdings
Withdrawn status Lost status Materials specified (bound volume or other part) Damaged status Not for loan Home library Current library Shelving location Date acquired Total Checkouts Barcode Date last seen Price effective from Koha item type
    Vol. 1-2, 1965-66     National Science Library National Science Library FF/Rk-5/C-6/R-2 29/06/1974   51877 25/08/2023 29/06/1974 Continuing Resources